BRAWL STARS QUIZ - Statistics

General Stats
  • This quiz has been taken 854 times
  • The average score is 3 of 5
Answer Stats
Question Answer % Correct
brawl stars a ilk başladığımızda ilk hangi karakterle oynarız? Shelly
90%
Dynamike ne fırlatır🤔 Dinamit
83%
Brawl stars ta hangi seviyeye gelince aksesuar çıkartılabilir ❓ 7
62%
brawl stars da kaç efsanevi karakter vardır❔(2021 17 şubat) 5
53%
Brawl stars da hangi karakter yoktur kit
49%
No matching quizzes found
Score Distribution
Percent of People with Each Score
Percentile by Number Answered
Your Score History
You have not taken this quiz